LEADER 01000nam--2200337---450 001 990003050380203316 005 20220520100318.0 010 $a978-3-8053-3548-5 035 $a000305038 035 $aUSA01000305038 035 $a(ALEPH)000305038USA01 035 $a000305038 100 $a20080117h2005----km-y0itay50------ba 101 $ager 102 $aDE 105 $aa---||||001yy 200 1 $aGriechische Tiergeschichten in der antiken Kunst$fHarald Mielsch 210 $aMainz am Rhein$cZabern$d2005 215 $a148 p.$cill.$d23 cm 225 2 $aKulturgeschichte der antiken Welt$v111 410 0$12001$aKulturgeschichte der antiken Welt 606 0 $aArte greca$xAnimali 676 $a704.9432 700 1$aMIELSCH,$bHarald$0208738 801 0$aIT$bsalbc$gISBD 912 $a990003050380203316 951 $aXI.3.B. 492$b203165 L.M.$cXI.3.B.$d00064895 959 $aBK 969 $aUMA 996 $aGriechische Tiergeschichten in der antiken Kunst$91021682 997 $aUNISA LEADER 01210nam 2200361 450 001 9910132636703321 005 20240206120047.0 010 $a1-4123-6157-5 035 $a(CKB)3680000000165325 035 $a(NjHacI)993680000000165325 035 $a(EXLCZ)993680000000165325 100 $a20240206d2007 uy 0 101 0 $afre 135 $aur||||||||||| 181 $ctxt$2rdacontent 182 $cc$2rdamedia 183 $acr$2rdacarrier 200 13$aLe Conseil supe?rieur de l'e?ducation $ele projet initial du rapport Parent et sa mise en oeuvre depuis 1964 /$fCe?line Saint-Pierre 210 1$a[Place of publication not identified] :$cJ.-M. Tremblay,$d2007. 215 $a1 online resource 225 1 $aClassiques des sciences sociales ;$v3080 410 0$aClassiques des sciences sociales ;$v3080. 517 $aLe Conseil supérieur de l'éducation 606 $aHigher education and state 615 0$aHigher education and state. 676 $a379 700 $aSaint-Pierre$b Ce?line$01278763 801 0$bNjHacI 801 1$bNjHacl 906 $aBOOK 912 $a9910132636703321 996 $aLe Conseil supe?rieur de l'e?ducation$93907689 997 $aUNINA